000 00689nam a2200241 a 4500
001 0001-1137
003 ELIB.Books
008 150505 2010 eng
020 _a0830827714
035 _a(ELIB.Books)0001-1292
092 _a225.6
_bEri
100 _aErickson, Richard J.
245 _aA Beginner's Huide to New Testament Exegesis:
_bTaking the Fear our of Critical Method
260 _aDowners Grove
_bInter Varsity Press
_c2005
300 _a239
_c23 Cm
500 _aC/o Moe Lwei
650 _aNew Testament
856 _nKBTS: Library
_uKBTS: Elib
942 _2ddc
_cBK
990 _a1
998 _cbat
_e2015-05-05
_mcat
_u2018-11-14
999 _c11137
_d11137